| 000 | 00387nam a22001337a 4500 | ||
|---|---|---|---|
| 999 |
_c9261 _d9261 |
||
| 003 | OSt | ||
| 008 | 201119b ||||| |||| 00| 0 eng d | ||
| 100 | _aChauhan, R. P. and Nain, Mahabir | ||
| 245 | _aProperties of Matter Kinetic Theory of Gases & Semiconductor Devices | ||
| 260 |
_aNew Delhi _bChronicle Books _c2020 |
||
| 300 | _a9th ed | ||
| 650 | _aB.Sc Non Medical | ||
| 942 |
_2ddc _cBK |
||